000 02545cpcaa2200433 a 4500
001 mm 98006400
003 DLC
005 20260227111727.0
008 980722|||||||||||| eng
010 _amm 98006400
_zmm 98006401
_zmm 98006402
_zmm 98006403
040 _aDLC
_edacs
_cDLC
_dDLC
072 7 _aW
_2lcmd
100 1 _aJohanson, Anders G.,
_ecollector.
245 1 0 _aAnders G. Johanson collection of Civil War material,
_f1861-1864.
300 _a4
_fitems.
506 0 _aOpen to research.
520 8 _aGeneral order (1861 November 28; U.S.S. Savannah, near Tybee Island, Ga.) from John S. Missroon, senior officer, concerning the hoisting and lowering of the U.S. flag on the island; petition (1862 January 2) from fifteen seamen aboard the U.S.S. Augusta, South Atlantic Blockading Squadron, addressed to Lieut. Henry L. Howison, executive officer, requesting that he lead an expedition to capture and destroy Confederate schooners operating along the southeastern coast; ALS (1862 August 2; Newport, R.I.) from Samuel Blatchford to Clarence A. Seward relating chiefly to the progress of the Civil War; and order (1864 August 14; New Orleans, La.) of Maj. Gen. Edward Richard Sprigg Canby concerning delivery of Confederate prisoners of war on board the U.S.S. Bienville and U.S.S. Tennessee, side-wheel steamers.
545 0 _aCollector.
546 _aCollection material in English.
580 _aForms part of: Miscellaneous Manuscripts collection.
600 1 0 _aBlatchford, Samuel,
_d1820-1893
_vCorrespondence.
600 1 0 _aCanby, Edward Richard Sprigg,
_d1817-1873.
600 1 0 _aHowison, Henry L.
600 1 0 _aMissroon, John S.,
_d-1865.
600 1 0 _aSeward, Clarence A.
_q(Clarence Armstrong),
_d1828-1897
_vCorrespondence.
610 1 0 _aUnited States.
_bNavy.
610 1 0 _aUnited States.
_bNavy.
_bSouth Atlantic Blockading Squadron (1861-1865)
610 2 0 _aAugusta (Side-wheel steamer)
610 2 0 _aBienville (Side-wheel steamer)
610 2 0 _aSavannah (Frigate)
610 2 0 _aTennessee (Side-wheel steamer)
651 0 _aGeorgia
_xHistory
_yCivil War, 1861-1865.
651 0 _aUnited States
_xHistory
_yCivil War, 1861-1865.
651 0 _aUnited States
_xHistory
_yCivil War, 1861-1865
_xBlockades.
651 0 _aUnited States
_xHistory
_yCivil War, 1861-1865
_xPrisoners and prisons.
656 7 _aCollectors.
_2itoamc
999 _c44471
_d44471